GARFIELD CHARACTER QUIZ #2 - Statistics

General Stats
  • This quiz has been taken 43 times
  • The average score is 3 of 13
Answer Stats
Hint Answer % Correct
Owns a pizza shop Vito
94%
Food Critic Eddie Gourmand
47%
Also known as Kittykins in one episode Harry
28%
A "Witch" Mrs. Cauldron
25%
Annoying Chihuahua Hercules
22%
first animal control member Al
16%
Starred in epsiode "Orange and Black Catzilla
16%
Second animal control member Pete
16%
Rottweiler Rock Oil
13%
The "Mad" Scientist Dr. Thaddeus Bonkera
9%
Afraid Of Garfield, but want to conquer the earth Evil Space Lasagnas
9%
Leader of an ancient tribe of cats Neferkitty
9%
Black cat who appears in "Black Cat BLues" Jonah
3%
No matching quizzes found
Score Distribution
Percent of People with Each Score
Percentile by Number Answered
Your Score History
You have not taken this quiz